000 00714nam a22001575i 4500
001 162267
003 ES-MaACL
005 20230906212451.0
008 960201s1889 fr |||| | fre d
040 _aAS
_bspa
_cCCPB | SIC
100 1 _aPlessis, Frédéric Edouard.
_9131221
245 1 0 _aTraité de métrique grecque et latine /
_cpar F. Plessis.
260 _aParis :
_bC. Klincksieck,
_c1889.
300 _aX, 336 p. ;
_c18 cm.
852 _aES-MaACL
_jB-6120
_z-- Enc. editorial tela
_x-- Edic.: Añadir en t260 (Imprimerie Polyglotte Alph. Le Roy
_x-- Edic.: Añadir t440 (Nouvelle Collection a l'usage des classes; 3)
_x-- Edic.: Corregir en t245: autor después de la barra de mención de responsabilidad
999 _c162267
_d162267